Modeling fixed-income securities and interest rate options
Saved in:
| Main Author: | |
|---|---|
| Format: | Book |
| Language: | English |
| Published: |
Stanford, Calif. :
Stanford University Press,
2002
|
| Edition: | 2η εκδ. |
| Subjects: | |
| Tags: |
Add Tag
No Tags, Be the first to tag this record!
|
MARC
| LEADER | 00000nam a2200000 i 4500 | ||
|---|---|---|---|
| 001 | 1/49323 | ||
| 008 | 070726s2002 eng d | ||
| 020 | |a 0-8047-4438-6 | ||
| 035 | |l 10089155 | ||
| 040 | |a GR-MY-UA |b gre |e aacr | ||
| 041 | 0 | |a eng | |
| 082 | 0 | |a 332.632044 |2 (22) | |
| 100 | 1 | |a Jarrow, Robert A. | |
| 245 | 1 | 0 | |a Modeling fixed-income securities and interest rate options / |c Robert A.Jarrow |
| 250 | |a 2η εκδ. | ||
| 260 | |a Stanford, Calif. : |b Stanford University Press, |c 2002 | ||
| 300 | |a xvi, 349 σ.; |b εικ.; |c 24 εκ. | ||
| 504 | |a Περιλαμβάνει βιβλιογραφικές παραπομπές και ευρετήριο. | ||
| 650 | 0 | 0 | |a Fixed-income securities. |
| 852 | |a INST |b SAMOS |e 20070726 |h 332.632044 JAR |p 005300025770 |q 005300025770 |t BK |y 0 | ||
| 901 | |a BIBL3-2007-2 | ||
| 909 | |a Σ |b 135828 | ||
| 922 | |a 3ΕΛΗ |b 200706 |c ΕΠΕΑΕΚ2/ΤΣΑΕ |d ΕΛΕΥΘΕΡΟΥΔΑΚΗΣ | ||
| 970 | |a ΣΙΤΖΙΜΗ |b ΓΙΑΣΕΜΗ |z 2007/07/26 | ||